[Event "GER CM05-A email"]
[Site "GER email"]
[Date "2018.06.19"]
[Round "?"]
[White "Bars, Joachim"]
[Black "Mulligan, Barrie"]
[Result "1-0"]
[WhiteElo "2377"]
[BlackElo "2396"]
[PlyCount "103"]
[EventDate "2018.??.??"]
[EventType "tourn (corr)"]
[EventRounds "10"]
[EventCountry "GER"]
[SourceTitle "Corr 2020"]
[Source "ChessBase"]
[SourceDate "2019.09.30"]
[SourceVersion "1"]
[SourceVersionDate "2019.09.30"]
[SourceQuality "1"]

1. d4 d5 2. c4 c6 3. Nf3 Nf6 4. Nc3 e6 5. Bg5 h6 6. Bh4 dxc4 7. e4 g5 8. Bg3 b5 9. Be2 Bb7 10. Qc2 Nbd7 11. Rd1 a6 12. 0-0 Be7 13. b3 cxb3 14. axb3 Qb6 15. Ne5 h5 16. Nxd7 Nxd7 17. h3 Rd8 18. e5 c5 19. d5 exd5 20. Nxd5 Bxd5 21. Rxd5 h4 22. Bh2 Nf8 23. Rxd8+ Bxd8 24. f4 Ne6 25. f5 Nd4 26. Qd1 f6 27. Bh5+ Kd7 28. Kh1 a5 29. Re1 Bc7 30. Qg4 Qc6 31. Bf7 Kc8 32. Be6+ Nxe6 33. fxe6 f5 34. Qxf5 Re8 35. e7+ Kb7 36. Qxg5 Qd7 37. Bg1 Qxe7 38. Qf4 Rc8 39. Qf3+ Kb6 40. Qg4 Qe8 41. Qf5 b4 42. Qf6+ Qc6 43. Bxc5+ Kb7 44. Bd6 Bb6 45. Qxh4 Qd5 46. Qh7+ Ka6 47. Qe4 Qxe4 48. Rxe4 Kb5 49. h4 Rh8 50. Be7 Bd8 51. Bxd8 Rxd8 52. e6 1-0

[Event "GER CM05-A email"]
[Site "GER email"]
[Date "2018.06.19"]
[Round "?"]
[White "Volodarsky, Yury Aleksandrovic"]
[Black "Mulligan, Barrie"]
[Result "1/2-1/2"]
[WhiteElo "2379"]
[BlackElo "2396"]
[PlyCount "59"]
[EventDate "2018.??.??"]
[EventType "tourn (corr)"]
[EventRounds "10"]
[EventCountry "GER"]
[SourceTitle "Corr 2020"]
[Source "ChessBase"]
[SourceDate "2019.09.30"]
[SourceVersion "1"]
[SourceVersionDate "2019.09.30"]
[SourceQuality "1"]

1. e4 c5 2. Nf3 d6 3. d4 cxd4 4. Nxd4 Nf6 5. Nc3 a6 6. h3 e6 7. g4 h6 8. Bg2 Be7 9. Be3 Nc6 10. f4 Nd7 11. Nxc6 bxc6 12. Qd2 Bh4+ 13. Bf2 Bxf2+ 14. Qxf2 Qb6 15. Qxb6 Nxb6 16. 0-0-0 Ke7 17. b3 Rd8 18. Rd2 a5 19. Rhd1 a4 20. Kb2 axb3 21. cxb3 Ba6 22. Ka1 g6 23. h4 Ra7 24. Kb2 Rb8 25. Ka1 Rd7 26. Bf3 Rbd8 27. Kb2 Rc7 28. Ka1 Rcd7 29. Kb2 Rc7 30. Ka1 1/2-1/2